| 000 | 00747cam a22002531a 4500 | ||
|---|---|---|---|
| 001 | 10309716 | ||
| 008 | 760708s1961 enk b 001 0 eng | ||
| 010 | _a 61065632 | ||
| 035 | _a(OCoLC)2301948 | ||
| 040 |
_aDLC _cCUZ _dMoSU-L _dUk _dDLC _dCUZ _beng _erda |
||
| 050 | 0 | 0 |
_aKD4879 _bWAD |
| 100 | 1 |
_aWade, William, _d1918-2004. |
|
| 245 | 1 | 0 |
_aAdministrative law / _cby H.W.R. Wade. |
| 264 |
_aOxford : _bClarendon Press, _c1961. |
||
| 300 |
_axvi, 290 pages. ; _c22 cm. |
||
| 336 |
_atext _btxt |
||
| 337 |
_aunmediated _bn |
||
| 338 | _2rdacarrier | ||
| 440 | 0 | _aClarendon law series | |
| 500 | _aIncludes index. | ||
| 650 | 0 | _aAdministrative law | |
| 942 | _cOS | ||
| 999 |
_c44774 _d44774 |
||